000 00703nam a2200193Ia 4500
003 GCL
008 140319s9999 xx 000 0 ara d
040 _aGCL /
_cGCL
082 0 4 _a227
_bق م
100 1 _aتوفيق الحكيم
245 1 0 _aمختار تفسير القرطبى :
_bالجامع لاحكام القران /
_cتوفيق الحكيم
700 1 _aالقرطبى : ابوعبدالله محمد بن عبدالملك بن ايمن بن فرج
260 _aالقاهرة :
_bالهيئة المصرية العامة للكتاب ،
_c1977
300 _a896 ص ؛
_c24 سم
490 _a
650 0 4 _aالقران
650 0 4 _aالقران - تفاسير
942 _2ddc
_cBK
999 _c27657
_d27657